[Event "Steyr Landesliga 1112"]
[Site "Austria"]
[Date "2012.04.14"]
[Round "10.7"]
[White "Steiner, Peter"]
[Black "Muhri, Manfred"]
[Result "1-0"]
[WhiteElo "2010"]
[BlackElo "1723"]
[PlyCount "89"]
[EventDate "2011.09.24"]
[EventType "team-tourn"]
[EventRounds "11"]
[EventCountry "AUT"]
[SourceTitle "EXT 2015"]
[Source "ChessBase"]
[SourceDate "2014.11.20"]
[SourceVersion "1"]
[SourceVersionDate "2014.11.20"]
[SourceQuality "1"]
[WhiteTeam "Pinggau Friedberg"]
[BlackTeam "Frauental"]
[WhiteTeamCountry "AUT"]
[BlackTeamCountry "AUT"]

1. e4 c5 2. Nc3 Nc6 3. g3 g6 4. Bg2 Bg7 5. d3 d6 6. f4 Nf6 7. Nf3 0-0 8. 0-0 Bg4 9. h3 Bd7 10. g4 Rb8 11. f5 e6 12. g5 Nh5 13. f6 Nxf6 14. gxf6 Bxf6 15. Bh6 Bg7 16. Qd2 f5 17. Bxg7 Kxg7 18. Qg5 Qb6 19. b3 c4+ 20. Kh1 Qb4 21. Qd2 fxe4 22. Nxe4 d5 23. Qxb4 Nxb4 24. Nc5 Bc8 25. dxc4 dxc4 26. c3 Nc2 27. Rac1 cxb3 28. axb3 Rf5 29. Rxc2 Rxc5 30. b4 Rf5 31. Re1 Bd7 32. Nd4 Rf6 33. Rce2 Kf7 34. Ra1 a6 35. Ra5 Rc8 36. Rc5 Rxc5 37. bxc5 Bc8 38. Rb2 e5 39. Ne2 Rf2 40. Kg1 Rf5 41. Bxb7 Rg5+ 42. Kh2 Bxb7 43. Rxb7+ Ke8 44. Ng3 h5 45. Ne4 1-0

[Event "Steyr Landesliga 1112"]
[Site "Austria"]
[Date "2011.10.15"]
[Round "3.7"]
[White "Preck, Helmut"]
[Black "Muhri, Manfred"]
[Result "1-0"]
[WhiteElo "2025"]
[BlackElo "1723"]
[PlyCount "123"]
[EventDate "2011.09.24"]
[EventType "team-tourn"]
[EventRounds "11"]
[EventCountry "AUT"]
[SourceTitle "EXT 2013"]
[Source "ChessBase"]
[SourceDate "2012.11.22"]
[SourceVersion "1"]
[SourceVersionDate "2012.11.22"]
[SourceQuality "1"]
[WhiteTeam "Graz Austria"]
[BlackTeam "Frauental"]
[WhiteTeamCountry "AUT"]
[BlackTeamCountry "AUT"]

1. d4 d5 2. Nf3 Nf6 3. e3 e6 4. Bd3 Be7 5. Nbd2 0-0 6. 0-0 b6 7. Qe2 Bb7 8. e4 dxe4 9. Nxe4 Nxe4 10. Bxe4 Bxe4 11. Qxe4 Nd7 12. Bf4 Nf6 13. Qc6 Qd7 14. Qe4 c5 15. dxc5 Bxc5 16. Rad1 Qc8 17. Qe2 Rd8 18. Rxd8+ Qxd8 19. Rd1 Qe7 20. Qd3 Ng4 21. Bg3 h6 22. c3 Qe8 23. h3 Nf6 24. Be5 Be7 25. Qe2 Rd8 26. Rd3 Rxd3 27. Qxd3 Qd7 28. Qxd7 Nxd7 29. Bd4 f6 30. b4 e5 31. Be3 Kf7 32. Kf1 Ke6 33. Ke2 f5 34. g4 f4 35. Bc1 g5 36. Kd3 b5 37. Nd2 Kd5 38. f3 Nf6 39. Bb2 a6 40. a3 Bd8 41. Ba1 Be7 42. c4+ bxc4+ 43. Nxc4 Nd7 44. Bc3 Bd8 45. Be1 Nf6 46. Bf2 e4+ 47. fxe4+ Nxe4 48. Bd4 Nf6 49. Ne5 Ne4 50. Nf7 f3 51. Ba7 Bc7 52. Nxh6 Bg3 53. Nf5 f2 54. Ne3+ Ke5 55. Bd4+ Kf4 56. Ke2 Bh2 57. Ba7 Nc3+ 58. Kxf2 Bg3+ 59. Kg2 Be1 60. Nc2 Ne4 61. Bb8+ Nd6 62. Bxd6+ 1-0